International journal of communication: An interdisciplinary journal of communication studies (Record no. 38301)

MARC details
000 -LEADER
fixed length control field 00726nam a2200169Ia 4500
022 ## - INTERNATIONAL STANDARD SERIAL NUMBER
ISSN 15974324
050 ## - CALL MARK
Classification number P 87 .I58/ Communication--Periodicals. Mass media--Periodicals. Communication--Nigeria--Periodicals. Mass media--Nigeria--Periodicals.
245 #0 - TITLE STATEMENT
Title International journal of communication: An interdisciplinary journal of communication studies
260 ## - PUBLICATION, DISTRIBUTION, ETC. (IMPRINT)
Place of publication Nigeria
260 ## - PUBLICATION, DISTRIBUTION, ETC. (IMPRINT)
Name of publisher communication studies
260 ## - PUBLICATION, DISTRIBUTION, ETC. (IMPRINT)
Year of publication 2015
300 ## - PHYSICAL DESCRIPTION
Number of Pages ix, 204 p. :ill. ; 24 cm.
650 ## - SUBJECT ADDED ENTRY--TOPICAL TERM
Topical Term Communication--Periodicals. Mass media--Periodicals. Communication--Nigeria--Periodicals. Mass media--Nigeria--Periodicals.
942 ## - ADDED ENTRY ELEMENTS (KOHA)
Koha item type Serials

No items available.